000 00854nam a22002417a 4500
005 20081001124313.0
008 081001t xxu||||| |||| 00| 0 eng d
010 _aENG-91095
020 _a9788184500615
_c1380.00
035 _aEN-74628
037 _bDBAD / PUB
040 _adpl
_bEnglish
082 _a331
100 _aBhatia, S.K.
245 _aStrategic industrial relations and labour laws/
_cby S.K. Bhatia; foreword by S. Chandra
260 _aNew Delhi
_bDeep & Deep Publications
_c2008
300 _axii, 327p.
_c24 cm (Hb)
500 _aIncludes annexure & index
650 _aIndustrial relations
650 _aLabour laws & legislation
_zIndia
942 _2ddc
_cEN
_mBHA
_h331
999 _c16102
_d16102